00642nam a2200193Ia 4500008004100000020001800041082001400059100002600073245006200099250000700161260004200168300002400210500001900234600002000253650002000273942000700293952013100300999001700431240925s9999 xx 000 0 und d a9788126556168 a332.6 MCM aMccMillan, Micheal G. 0aInvestments: principles of portfolio and equity analysis  aNA aNew Delhi:bJohn Wiley & Sonsc,2011. a1040p.b0fOriginal aIncludes Index aSocial Sciences aSocial Sciences cBK 001040708SSaUITUbUITUd2019-01-22eAllied Book Companyg998.40l0o332.6 MCMpQ14018r2024-09-25 07:17:06w2024-09-25yBK c16517d16517